00484nam a2200193 a 4500001001300000003000900013005001700022008004100039020000900080082001500089100001900104245004900123260002500172300000800197500003500205505001000240650002100250700001900271nice12345678IN_TiNIC20260116012316.0050524s1984 dela grp 000 0 eng  ac1500a181.4bGAN aGangadhar, D A aMahatma Gandhi`s Philosophy of Brahmacharya. aDelhi bISPCK c1984 a71p aincludes index and biblioraphy2 aIndex aPhilosophy-Hindu1 aGangadhar, D A